QA #21 - Langues les plus proches du Norvégien - Statistiques

Statistiques générales
  • Ce quiz a été pris 221 fois
  • Le résultat moyen est 6 sur 10
Statistiques - réponses
Indice Langue % Correct
13,0 Suédois
97%
25,6 Allemand
93%
23,1 Danois
91%
29,5 Anglais
87%
28,5 Néerlandais
80%
15,6 Islandais
76%
44,9 Italien
26%
27,4 Luxembourgeois
25%
28,8 Afrikaans
12%
42,6 Latin
11%
Aucun quiz correspondant
Distribution des résultats
% des personnes avec chaque résultat
Percentile par nombre de réponses
Votre historique - résultats
Vous n’avez pas pris ce quiz